[Event "II Torneo Iberoamericano MoreliaLinares"]
[Site "Morelia"]
[Date "2008.02.17"]
[Round "3"]
[White "Flores , Diego"]
[Black "Galego, Luis"]
[Result "1-0"]
[WhiteElo "2558"]
[BlackElo "2529"]
[PlyCount "111"]
[EventDate "2008.02.19"]
[EventType "tourn"]
[EventRounds "5"]
[EventCountry "MEX"]
[Source "–ù""]
[SourceDate "134159.04.23"]

1. c4 Nf6 2. Nc3 c5 3. g3 Nc6 4. Bg2 d6 5. e3 g6 6. Nge2 Bg7 7. O-O O-O 8. d4
cxd4 9. exd4 Bg4 10. Be3 Rc8 11. h3 Bxe2 12. Qxe2 Nd7 13. Qd2 a6 14. Rac1 Qa5
15. b3 f5 16. Rfe1 Nf6 17. d5 Ne5 18. Bd4 Nh5 19. f4 Bh6 20. Qf2 Nd3 21. Qe3
Ne5 22. Kh2 Qc7 23. Qe2 Nf7 24. Bf3 Bg7 25. Bxg7 Nxg7 26. Qxe7 Qb6 27. Qe3 Qa5
28. Qd2 b5 29. Be2 Qb6 30. Bf1 bxc4 31. Bxc4 h5 32. Na4 Qa7 33. Qe3 Qxe3 34.
Rxe3 h4 35. gxh4 Nh5 36. Rf1 a5 37. Nc3 Kg7 38. Ne2 Rfe8 39. Re6 Rxe6 40. dxe6
d5 41. Bxd5 Rc2 42. exf7 Rxe2+ 43. Kg1 Nf6 44. Bc4 Rxa2 45. h5 Nh7 46. hxg6
Kxg6 47. Rf2 Ra1+ 48. Kh2 Nf8 49. Rd2 a4 50. Rd6+ Kg7 51. Ra6 a3 52. h4 a2 53.
h5 Kh7 54. h6 Ng6 55. Bd3 Rd1 56. Bxf5 1-0

[Event "II Torneo Iberoamericano MoreliaLinares"]
[Site "Morelia"]
[Date "2008.02.17"]
[Round "3"]
[White "Lorenzana , Wilson.E"]
[Black "Bruzon Batista, Lazaro"]
[Result "0-1"]
[WhiteElo "2230"]
[BlackElo "2607"]
[PlyCount "58"]
[EventDate "2008.02.19"]
[EventType "tourn"]
[EventRounds "5"]
[EventCountry "MEX"]
[Source "–ù""]
[SourceDate "134159.04.23"]

1. e4 e5 2. Nf3 Nc6 3. Bc4 Nf6 4. d3 Be7 5. c3 O-O 6. O-O d6 7. h3 Kh8 8. Re1
Ng8 9. Nbd2 f5 10. b4 Bf6 11. Nf1 f4 12. N1h2 Nh6 13. Kh1 Qe8 14. Qb3 g5 15.
Ng1 g4 16. f3 gxh3 17. gxh3 Qh5 18. Re2 Bh4 19. Ng4 Bg3 20. Be6 Nxg4 21. fxg4
Bxe6 22. Qxe6 Qh4 23. Kg2 Rae8 24. Qc4 f3+ 25. Nxf3 Rxf3 26. Bg5 Qxg5 27. Kxf3
Qf4+ 28. Kg2 Rf8 29. Kh1 Bf2 0-1

[Event "II Torneo Iberoamericano MoreliaLinares"]
[Site "Morelia"]
[Date "2008.02.17"]
[Round "3"]
[White "Davila, Carlos"]
[Black "Escobar Forero, Alder"]
[Result "1-0"]
[WhiteElo "2376"]
[BlackElo "2461"]
[PlyCount "43"]
[EventDate "2008.02.19"]
[EventType "tourn"]
[EventRounds "5"]
[EventCountry "MEX"]
[Source "–ù""]
[SourceDate "134159.04.23"]

1. e4 c5 2. Nf3 Nc6 3. d4 cxd4 4. Nxd4 Nf6 5. Nc3 d6 6. Bc4 Qb6 7. Ndb5 a6 8.
Be3 Qa5 9. Nd4 e6 10. O-O Be7 11. Bb3 O-O 12. f4 Bd7 13. Qf3 Rac8 14. h3 Kh8
15. Rad1 b5 16. a3 Qc7 17. g4 Nxd4 18. Bxd4 Bc6 19. f5 Qb7 20. fxe6 Nxe4 21.
exf7 Bf6 22. Nxe4 1-0

[Event "II Torneo Iberoamericano MoreliaLinares"]
[Site "Morelia"]
[Date "2008.02.18"]
[Round "4"]
[White "Bruzon Batista, Lazaro"]
[Black "Davila, Carlos"]
[Result "1-0"]
[WhiteElo "2607"]
[BlackElo "2376"]
[PlyCount "59"]
[EventDate "2008.02.19"]
[EventType "tourn"]
[EventRounds "5"]
[EventCountry "MEX"]
[Source "–ù""]
[SourceDate "134159.04.23"]

1. e4 e6 2. d4 d5 3. Nc3 Bb4 4. e5 Ne7 5. a3 Bxc3+ 6. bxc3 Nd7 7. Bd3 O-O 8.
Qh5 f5 9. Nf3 Qe8 10. Qh3 Nb6 11. Rb1 a6 12. g4 Na4 13. Bd2 c5 14. gxf5 Nxf5
15. Rg1 b5 16. Ng5 Qg6 17. Be2 Ne7 18. Rg4 c4 19. Rc1 Ra7 20. Rg2 Kh8 21. Bh5
Qf5 22. Bg4 Qg6 23. f3 Nb6 24. Nxe6 Bxe6 25. Bxe6 Rxf3 26. Qxf3 Qxe6 27. Rf2 h6
28. Ke2 Ng8 29. Rg1 Na4 30. Qh5 1-0

[Event "II Torneo Iberoamericano MoreliaLinares"]
[Site "Morelia"]
[Date "2008.02.18"]
[Round "4"]
[White "Flores, Diego"]
[Black "Lorenzana, Wilson.E"]
[Result "1-0"]
[WhiteElo "2558"]
[BlackElo "2230"]
[PlyCount "89"]
[EventDate "2008.02.19"]
[EventType "tourn"]
[EventRounds "5"]
[EventCountry "MEX"]
[Source "–ù""]
[SourceDate "134159.04.23"]

1. c4 e5 2. Nc3 d6 3. g3 g6 4. Bg2 Bg7 5. Nf3 Nc6 6. O-O f5 7. d3 Nf6 8. Rb1 a5
9. a3 O-O 10. b4 axb4 11. axb4 f4 12. b5 Ne7 13. c5 h6 14. b6 c6 15. Qb3+ Kh7
16. Ba3 Ned5 17. Ne4 fxg3 18. hxg3 dxc5 19. Bxc5 Re8 20. Nd6 Nd7 21. Nxe8 Qxe8
22. Bd6 N7xb6 23. e4 Na4 24. Rfc1 Ra6 25. Bh3 b5 26. Kg2 Ndb6 27. Rh1 Bxh3+ 28.
Rxh3 Bf6 29. Nxe5 Bxe5 30. Bxe5 h5 31. Bd4 c5 32. Ba1 c4 33. Qxb5 Qxb5 34. Rxb5
cxd3 35. Rh1 Nc4 36. Rb7+ Kg8 37. Rc1 Rc6 38. Rd1 Nc5 39. Rb4 Nd6 40. e5 Ndb7
41. Bd4 Rc7 42. Rc4 Kf7 43. Rxd3 Ke6 44. Rdc3 Kd5 45. e6 1-0

[Event "II Torneo Iberoamericano MoreliaLinares"]
[Site "Morelia"]
[Date "2008.02.19"]
[Round "5"]
[White "Lorenzana, Wilson.E"]
[Black "Galego, Luis"]
[Result "0-1"]
[WhiteElo "2230"]
[BlackElo "2529"]
[PlyCount "94"]
[EventDate "2008.02.19"]
[EventType "tourn"]
[EventRounds "5"]
[EventCountry "MEX"]
[Source "–ù""]
[SourceDate "134159.04.23"]

1. e4 c5 2. Nf3 e6 3. d4 cxd4 4. Nxd4 a6 5. Bd3 Qc7 6. Qe2 d6 7. Be3 Nf6 8. Nd2
Be7 9. O-O Nbd7 10. f4 Nc5 11. a4 O-O 12. Kh1 Re8 13. a5 g6 14. N4b3 Nxb3 15.
Nxb3 d5 16. Bb6 Qb8 17. e5 Nd7 18. Bd4 b5 19. axb6 Nxb6 20. Na5 Qc7 21. Qe3 Rb8
22. Rf3 Bb4 23. Nb3 Nc4 24. Qf2 Bf8 25. Rh3 Bg7 26. g4 h6 27. Rf3 a5 28. h4 Bd7
29. h5 g5 30. fxg5 Nxe5 31. Qg3 Rec8 32. Bxe5 Qxe5 33. Qxe5 Bxe5 34. gxh6 a4
35. h7+ Kg7 36. Nd2 Bxb2 37. Raf1 f6 38. g5 f5 39. Re3 Re8 40. g6 a3 41. Nb3 a2
42. Ree1 Rec8 43. Na1 Kh6 44. g7 Bxg7 45. Rg1 Rb4 46. Rg6+ Kxh7 47. c4 dxc4 0-1

[Event "II Torneo Iberoamericano MoreliaLinares"]
[Site "Morelia"]
[Date "2008.02.19"]
[Round "5"]
[White "Davila, Carlos"]
[Black "Flores, Flores"]
[Result "0-1"]
[WhiteElo "2376"]
[BlackElo "2558"]
[PlyCount "98"]
[EventDate "2008.02.19"]
[EventType "tourn"]
[EventRounds "5"]
[EventCountry "MEX"]
[Source "–ù""]
[SourceDate "134159.04.23"]

1. e4 c5 2. Nf3 e6 3. b3 b6 4. Bb2 Bb7 5. e5 Nc6 6. Na3 Nge7 7. Nc4 Ng6 8. h4
Be7 9. h5 Nf4 10. g3 Nd5 11. Bg2 O-O 12. h6 g6 13. O-O f6 14. Nd6 Ba6 15. c4
Nxe5 16. Nxe5 Bxd6 17. Ng4 f5 18. Bxd5 exd5 19. Qf3 Bb7 20. cxd5 fxg4 21. Qc3
Qf6 22. Qxf6 Rxf6 23. Bxf6 Rf8 24. Bg7 Rf5 25. f3 gxf3 26. Kf2 Bxd5 27. d3 b5
28. Rae1 Kf7 29. g4 Rg5 30. Rg1 Bc6 31. Re3 Bf4 32. Ree1 Bh2 33. Rh1 Bc7 34.
Rhg1 c4 35. d4 c3 36. Re3 b4 37. Rxf3+ Bxf3 38. Kxf3 Ra5 39. Rg2 g5 40. Ke4 Bf4
41. Kd3 d5 42. Rf2 Ra6 43. Re2 Re6 44. Rxe6 Kxe6 45. Bf8 Bd6 46. Bg7 Kf7 47.
Kc2 Bf8 48. Be5 Bxh6 49. Bb8 a6 {Caida de bandera de las blancas} 0-1

[Event "II Torneo Iberoamericano MoreliaLinares"]
[Site "Morelia"]
[Date "2008.02.15"]
[Round "1"]
[White "Illescas Cordoba, Miguel"]
[Black "Matamoros Franco, Carlos"]
[Result "1-0"]
[WhiteElo "2605"]
[BlackElo "2529"]
[PlyCount "110"]
[EventDate "2008.02.19"]
[EventType "tourn"]
[EventRounds "5"]
[EventCountry "MEX"]
[Source "–ù""]
[SourceDate "134159.04.23"]

1. d4 d6 2. Nf3 Nf6 3. c4 g6 4. Nc3 Bg7 5. e4 O-O 6. Be2 c6 7. O-O e5 8. Re1
Na6 9. Bf1 Bg4 10. d5 c5 11. h3 Bc8 12. Nh2 Kh8 13. a3 Ng8 14. f4 f6 15. Nf3
exf4 16. Bxf4 Nh6 17. Bd2 Nf7 18. Ne2 Bh6 19. Nf4 Nc7 20. Qc1 Kg8 21. b4 b6 22.
Rb1 Re8 23. bxc5 bxc5 24. Rb3 Bd7 25. Qb2 Rb8 26. Rxb8 Qxb8 27. Qxf6 Bg7 28.
Qh4 Qb3 29. Nd3 Qxa3 30. Rb1 Bc8 31. Rb8 Na6 32. Rb5 Qa1 33. Ra5 Qf6 34. Qe1
Qe7 35. Nf2 Nb8 36. Bc3 Bxc3 37. Qxc3 a6 38. Ra1 Nd7 39. Nd3 Nde5 40. Ndxe5
Nxe5 41. Nxe5 Qxe5 42. Qxe5 Rxe5 43. Rb1 Kf7 44. Rb8 Re8 45. e5 dxe5 46. Kf2
Ke7 47. Ke3 Bd7 48. Rb6 Ra8 49. Ke4 a5 50. Kxe5 a4 51. d6+ Kf7 52. Kd5 a3 53.
Rb1 a2 54. Ra1 Bf5 55. Be2 Ra5 1-0

[Event "II Torneo Iberoamericano MoreliaLinares"]
[Site "Morelia"]
[Date "2008.02.15"]
[Round "1"]
[White "Granda Zuniga, Julio"]
[Black "Iturrizaga, Eduardo"]
[Result "1/2-1/2"]
[WhiteElo "2588"]
[BlackElo "2470"]
[PlyCount "73"]
[EventDate "2008.02.19"]
[EventType "tourn"]
[EventRounds "5"]
[EventCountry "MEX"]
[Source "–ù""]
[SourceDate "134159.04.23"]

1. d4 Nf6 2. Nf3 e6 3. e3 c5 4. c4 cxd4 5. exd4 d5 6. Nc3 Be7 7. cxd5 Nxd5 8.
Bd3 O-O 9. O-O Nc6 10. a3 b6 11. Nxd5 Qxd5 12. Qc2 Bb7 13. Bxh7+ Kh8 14. Be4
Nxd4 15. Bxd5 Nxc2 16. Bxb7 Nxa1 17. Bxa8 Rxa8 18. Bg5 f6 19. Rxa1 fxg5 20. Rc1
Bf6 21. Rc2 Rd8 22. Nd2 g4 23. Kf1 Rd5 24. g3 Kh7 25. a4 b5 26. b3 bxa4 27.
bxa4 Rd4 28. Nc4 Rd1+ 29. Ke2 Ra1 30. a5 Bd8 31. Ke3 Bxa5 32. Nxa5 Rxa5 33. Kf4
Ra4+ 34. Ke5 a5 35. Kxe6 Kg6 36. Ke5 Kg5 37. Rc5 1/2-1/2

[Event "II Torneo Iberoamericano MoreliaLinares"]
[Site "Morelia"]
[Date "2008.02.15"]
[Round "1"]
[White "Guillen Ramirez, Jose A."]
[Black "Ibarra Chami, Luis.F"]
[Result "0-1"]
[WhiteElo "2237"]
[BlackElo "2364"]
[PlyCount "92"]
[EventDate "2008.02.19"]
[EventType "tourn"]
[EventRounds "5"]
[EventCountry "MEX"]
[Source "–ù""]
[SourceDate "134159.04.23"]

1. f4 d5 2. Nf3 Nf6 3. e3 Bg4 4. b3 Nbd7 5. Bb2 c6 6. d4 e6 7. Nbd2 Ne4 8. Be2
Qa5 9. O-O Nc3 10. Qe1 Nxe2+ 11. Qxe2 Bd6 12. Qf2 Bxf3 13. Nxf3 O-O-O 14. c4
Nf6 15. c5 Bb8 16. a4 Ne4 17. Qc2 f6 18. Rac1 Rdg8 19. Bc3 Qc7 20. Nd2 Nxc3 21.
Qxc3 g5 22. b4 h5 23. b5 gxf4 24. exf4 Rg4 25. bxc6 bxc6 26. Rb1 Rhg8 27. Rf2
Qg7 28. g3 h4 29. Nf1 hxg3 30. hxg3 Bxf4 31. Rxf4 Rxf4 32. Qe3 e5 33. dxe5 fxe5
34. Qd3 Rc4 35. Qf5+ Kc7 36. a5 Rxc5 37. a6 Rb5 38. Rc1 Rb3 39. Rxc6+ Kxc6 40.
Qc2+ Kd6 41. Qxb3 Qc7 42. Kg2 Qc4 43. Qb2 Rf8 44. Qa3+ Qc5 45. Qb2 Ke6 46. Qe2
Qc4 0-1

[Event "II Torneo Iberoamericano MoreliaLinares"]
[Site "Morelia"]
[Date "2008.02.16"]
[Round "2"]
[White "Matamoros Franco, Carlos"]
[Black "Ibarra Chami, Luis.F"]
[Result "1/2-1/2"]
[WhiteElo "2529"]
[BlackElo "2364"]
[PlyCount "105"]
[EventDate "2008.02.19"]
[EventType "tourn"]
[EventRounds "5"]
[EventCountry "MEX"]
[Source "–ù""]
[SourceDate "134159.04.23"]

1. c4 e6 2. g3 d5 3. Bg2 Nf6 4. Nf3 dxc4 5. Qc2 Qd5 6. O-O Nc6 7. Na3 Bxa3 8.
bxa3 e5 9. Bb2 e4 10. Bxf6 gxf6 11. Nh4 Nd4 12. Qxe4+ Qxe4 13. Bxe4 Nxe2+ 14.
Kg2 O-O 15. Rfe1 Nd4 16. Rac1 Be6 17. Bxb7 Rab8 18. Ba6 Nb5 19. a4 Nd6 20. d3
Rb4 21. Bxc4 Nxc4 22. dxc4 Rxa4 23. Kg1 Rxa2 24. Ng2 Ra6 25. Nf4 Rc6 26. Nxe6
fxe6 27. Red1 Rd6 28. c5 Rxd1+ 29. Rxd1 a5 30. Ra1 Ra8 31. Ra4 e5 32. Kg2 Kf7
33. Kf3 Ke6 34. Kg4 c6 35. h4 Ra7 36. h5 h6 37. Kf3 Ra8 38. Ke4 f5+ 39. Kf3 Kd5
40. g4 f4 41. g5 hxg5 42. Kg4 e4 43. h6 f3 44. Kxg5 Kxc5 45. h7 Kb5 46. Rxe4 a4
47. Re7 a3 48. Ra7 Rh8 49. Kg6 Kb4 50. Rb7+ Kc4 51. Ra7 Kb3 52. Rb7+ Kc4 53.
Ra7 1/2-1/2

[Event "II Torneo Iberoamericano MoreliaLinares"]
[Site "Morelia"]
[Date "2008.02.16"]
[Round "2"]
[White "Iturrizaga, Eduardo"]
[Black "Guillen Ramirez, Jose.A"]
[Result "1-0"]
[WhiteElo "2470"]
[BlackElo "2232"]
[PlyCount "71"]
[EventDate "2008.02.19"]
[EventType "tourn"]
[EventRounds "5"]
[EventCountry "MEX"]
[Source "–ù""]
[SourceDate "134159.04.23"]

1. Nf3 d5 2. d4 e6 3. c4 c6 4. e3 f5 5. Nc3 Nf6 6. Qc2 Bd6 7. b3 O-O 8. Bb2 Qe7
9. Bd3 Bd7 10. O-O-O Na6 11. c5 Bc7 12. a3 Be8 13. h3 Ne4 14. b4 Nb8 15. g4
fxg4 16. Bxe4 dxe4 17. Ne5 gxh3 18. Nxe4 Nd7 19. Nd6 Nxe5 20. dxe5 Bg6 21. Qe2
a5 22. Rdg1 axb4 23. axb4 b6 24. Rxg6 hxg6 25. Qg4 Rf5 26. Nxf5 gxf5 27. Qxh3
Rf8 28. Qh7+ Kf7 29. Rg1 Rg8 30. Bd4 b5 31. Qg6+ Kf8 32. Kc2 Qe8 33. Qg2 Qh5
34. Kd3 Qe8 35. Ra1 Qd7 36. Ra6 1-0

[Event "II Torneo Iberoamericano MoreliaLinares"]
[Site "Morelia"]
[Date "2008.02.16"]
[Round "2"]
[White "Illescas Cordova, Miguel"]
[Black "Granda Zuniga, Julio"]
[Result "0-1"]
[WhiteElo "2605"]
[BlackElo "2588"]
[PlyCount "70"]
[EventDate "2008.02.19"]
[EventType "tourn"]
[EventRounds "5"]
[EventCountry "MEX"]
[Source "–ù""]
[SourceDate "134159.04.23"]

1. d4 Nf6 2. c4 e6 3. Nc3 Bb4 4. Qc2 O-O 5. a3 Bxc3+ 6. Qxc3 b6 7. Bg5 Bb7 8.
e3 d6 9. Qc2 c5 10. dxc5 bxc5 11. O-O-O d5 12. cxd5 exd5 13. Qxc5 Nbd7 14. Qd4
Qa5 15. Bxf6 Nxf6 16. Bd3 Ba6 17. f3 Rab8 18. Bxa6 Qxa6 19. Qd3 Qb6 20. Rd2 Nd7
21. Rc2 Nc5 22. Qc3 Qa6 23. Qxc5 Qf1+ 24. Kd2 Qxg2+ 25. Ke1 Qxh1 26. Kf1 d4 27.
exd4 Rb3 28. Qf5 h6 29. d5 Re3 30. Rg2 Rb8 31. Qf4 Rbb3 32. Rg3 Rbd3 33. Qf5
Rd1+ 34. Kf2 Qxh2+ 35. Rg2 Qh4+ 0-1

[Event "II Torneo Iberoamericano MoreliaLinares"]
[Site "Morelia"]
[Date "2008.02.17"]
[Round "3"]
[White "Granda Zuniga, Julio.E"]
[Black "Matamoros Franco, Carlos"]
[Result "1-0"]
[WhiteElo "2588"]
[BlackElo "2529"]
[PlyCount "143"]
[EventDate "2008.02.19"]
[EventType "tourn"]
[EventRounds "5"]
[EventCountry "MEX"]
[Source "–ù""]
[SourceDate "134159.04.23"]

1. d4 Nf6 2. c4 g6 3. Nc3 Bg7 4. Nf3 O-O 5. e4 d6 6. Be2 e5 7. O-O Nc6 8. Be3
exd4 9. Nxd4 Re8 10. f3 Nh5 11. Qd2 Nf4 12. Bxf4 Nxd4 13. Bd3 c6 14. Rad1 a6
15. Rfe1 b5 16. Bf1 bxc4 17. Bxc4 Be6 18. Bxe6 Rxe6 19. Be3 Nb5 20. Ne2 d5 21.
Nf4 Rd6 22. exd5 cxd5 23. Bc5 Rd7 24. Qf2 d4 25. Nd3 Rc8 26. Bb4 a5 27. Bd2 Nd6
28. Rc1 h5 29. Qg3 Nf5 30. Qg5 Qf8 31. Bxa5 Bh6 32. Rxc8 Qxc8 33. Qf6 Be3+ 34.
Kh1 Rd6 35. Qe5 Qa8 36. Bc7 Re6 37. Qb5 Qxa2 38. Nc5 Qd5 39. Qb8+ Kh7 40. Nxe6
Qxe6 41. Be5 f6 42. Bxd4 Nxd4 43. Qa7+ Kh6 44. Qxd4 Bxd4 45. Rxe6 Bxb2 46. g3
f5 47. Re7 Kg5 48. Re6 Kh6 49. Kg2 Kg7 50. Kf1 Kf7 51. Rc6 Be5 52. Ke2 Bb2 53.
Kd3 Ba1 54. Kc4 Bb2 55. Kd5 Ba1 56. Ra6 Bb2 57. Rc6 Ba1 58. Rc2 Bf6 59. Rc7+
Kf8 60. Ke6 Bd4 61. Rc4 Bb2 62. h3 Ba1 63. g4 hxg4 64. hxg4 fxg4 65. Rxg4 Kg7
66. f4 Bf6 67. f5 g5 68. Rg1 Bd8 69. Rd1 Ba5 70. f6+ Kg6 71. f7 Kg7 72. Rd5 1-0

[Event "II Torneo Iberoamericano MoreliaLinares"]
[Site "Morelia"]
[Date "2008.02.17"]
[Round "3"]
[White "Guillen Ramirez, Jose.A"]
[Black "Illescas Cordoba, Miguel"]
[Result "0-1"]
[WhiteElo "2232"]
[BlackElo "2605"]
[PlyCount "196"]
[EventDate "2008.02.19"]
[EventType "tourn"]
[EventRounds "5"]
[EventCountry "MEX"]
[Source "–ù""]
[SourceDate "134159.04.23"]

1. d4 Nf6 2. c4 g6 3. Nc3 d5 4. Nf3 Bg7 5. Bf4 O-O 6. e3 c5 7. dxc5 Qa5 8. Rc1
dxc4 9. Bxc4 Qxc5 10. Bb3 Nc6 11. O-O Qa5 12. h3 Bf5 13. Qe2 Ne4 14. Nd5 e5 15.
Bh2 Be6 16. Rfd1 Rad8 17. Qc4 Nd4 18. exd4 Bxd5 19. Qe2 b6 20. Bxd5 Qxd5 21.
dxe5 Qb7 22. e6 fxe6 23. Rxd8 Rxd8 24. Re1 Nc5 25. b4 Na4 26. Qxe6+ Qf7 27.
Qxf7+ Kxf7 28. Ne5+ Bxe5 29. Bxe5 b5 30. Rc1 Ke6 31. f4 Rd7 32. a3 Nb6 33. Rc5
Rd2 34. Rxb5 Nd5 35. Rb7 h5 36. g4 hxg4 37. hxg4 g5 38. Rxa7 gxf4 39. Bxf4 Nxf4
40. Ra5 Nd5 41. Ra8 Ke5 42. Kf1 Ne3+ 43. Ke1 Rg2 44. b5 Rb2 45. Rb8 Nxg4 46. b6
Nf6 47. a4 Nd7 48. Rd8 Nxb6 49. Rb8 Rb4 50. a5 Re4+ 51. Kf2 Rf4+ 52. Kg3 Nd5
53. Re8+ Kd4 54. a6 Rf7 55. Ra8 Nb6 56. Rb8 Kc5 57. Rb7 Rf1 58. a7 Ra1 59. Rc7+
Kd6 60. Rb7 Kc6 61. Rf7 Nd7 62. Rh7 Rxa7 63. Kf4 Ra1 64. Rh8 Re1 65. Ra8 Nc5
66. Kf3 Kd5 67. Rd8+ Ke5 68. Re8+ Ne6 69. Kf2 Re4 70. Re7 Kf6 71. Ra7 Nd4 72.
Ra8 Kg5 73. Rg8+ Kf4 74. Rf8+ Nf5 75. Rf7 Re8 76. Rf6 Ke4 77. Ra6 Rf8 78. Ra4+
Nd4+ 79. Kg3 Rf7 80. Rb4 Ke3 81. Kg4 Rg7+ 82. Kh5 Ke4 83. Kh6 Rg1 84. Ra4 Rg2
85. Kh7 Ke5 86. Ra8 Nf5 87. Ra6 Rg7+ 88. Kh8 Rd7 89. Rb6 Rc7 90. Ra6 Rb7 91.
Ra5+ Kf6 92. Ra6+ Kf7 93. Kh7 Rc7 94. Rb6 Ra7 95. Rb8 Kf6+ 96. Kh8 Ra1 97. Rf8+
Kg6 98. Re8 Kf7 0-1

[Event "II Torneo Iberoamericano MoreliaLinares"]
[Site "Morelia"]
[Date "2008.02.17"]
[Round "3"]
[White "Ibarra Chami, Luis.F"]
[Black "Iturrizaga, Eduardo"]
[Result "0-1"]
[WhiteElo "2364"]
[BlackElo "2470"]
[PlyCount "84"]
[EventDate "2008.02.19"]
[EventType "tourn"]
[EventRounds "5"]
[EventCountry "MEX"]
[Source "–ù""]
[SourceDate "134159.04.23"]

1. e4 c5 2. Nf3 Nc6 3. d4 cxd4 4. Nxd4 Qb6 5. Nb3 Nf6 6. Nc3 e6 7. Be3 Qc7 8.
g3 b6 9. Bf4 Ne5 10. Bg2 d6 11. Qe2 a6 12. O-O Bb7 13. Nd2 b5 14. a3 Be7 15.
Nf3 Nfd7 16. Nxe5 dxe5 17. Be3 Nb6 18. Nd1 O-O 19. Bxb6 Qxb6 20. Ne3 Rac8 21.
Rfd1 Bc5 22. c3 Bc6 23. b4 Bxe3 24. Qxe3 Qxe3 25. fxe3 Rfd8 26. Kf2 Kf8 27. Bf3
Ke7 28. Rxd8 Rxd8 29. Ke2 Rc8 30. Bh1 f5 31. exf5 Bxh1 32. Rxh1 Rxc3 33. fxe6
Rxa3 34. Rc1 Kxe6 35. Kf3 Ra4 36. Rc7 g5 37. g4 Rxb4 38. Rc6+ Kd5 39. Rxa6 e4+
40. Kg3 Rb3 41. Kf2 Rb2+ 42. Kg1 b4 0-1

[Event "II Torneo Iberoamericano MoreliaLinares"]
[Site "Morelia"]
[Date "2008.02.18"]
[Round "4"]
[White "Matamoros Franco, Carlos.S"]
[Black "Iturrizaga, Eduardo"]
[Result "1/2-1/2"]
[WhiteElo "2529"]
[BlackElo "2470"]
[PlyCount "29"]
[EventDate "2008.02.19"]
[EventType "tourn"]
[EventRounds "5"]
[EventCountry "MEX"]
[Source "–ù""]
[SourceDate "134159.04.23"]

1. Nf3 Nf6 2. c4 e6 3. g3 d5 4. Bg2 dxc4 5. Qa4+ c6 6. Qxc4 b5 7. Qc2 Bb7 8. d4
Nbd7 9. Ne5 Nxe5 10. dxe5 Nd5 11. O-O Be7 12. Nd2 Qc7 13. Nf3 c5 14. Qe4 h6 15.
a4 1/2-1/2

[Event "II Torneo Iberoamericano MoreliaLinares"]
[Site "Morelia"]
[Date "2008.02.18"]
[Round "4"]
[White "Illescas Cordoba, Miguel"]
[Black "Ibarra Chami, Luis.F"]
[Result "1/2-1/2"]
[WhiteElo "2605"]
[BlackElo "2364"]
[PlyCount "96"]
[EventDate "2008.02.19"]
[EventType "tourn"]
[EventRounds "5"]
[EventCountry "MEX"]
[Source "–ù""]
[SourceDate "134159.04.23"]

1. d4 d5 2. c4 e6 3. Nc3 c5 4. cxd5 cxd4 5. Qa4+ Bd7 6. Qxd4 exd5 7. Qxd5 Nc6
8. Nf3 Nf6 9. Qb3 Bc5 10. e3 Qe7 11. Be2 O-O-O 12. O-O g5 13. Qc2 g4 14. Nh4
Kb8 15. b4 Nxb4 16. Qb3 Be6 17. Bc4 Nfd5 18. g3 Nxc3 19. Qxc3 Rc8 20. Bb2 Bd6
21. Bxe6 Rxc3 22. Bxc3 Qxe6 23. Bxh8 f6 24. Rfd1 Nc6 25. Bg7 Ne5 26. Kg2 Nf7
27. Rac1 a5 28. Rd4 b5 29. e4 Bc7 30. Rc5 b4 31. Rf5 Be5 32. Rd5 Nd6 33. Rfxe5
fxe5 34. Bxe5 Kb7 35. f3 gxf3+ 36. Kxf3 Nc4 37. Bf4 Qh3 38. Rd4 a4 39. Nf5 Qf1+
40. Kg4 Ka6 41. Nd6 Nxd6 42. Bxd6 b3 43. Rxa4+ Kb5 44. axb3 Qd1+ 45. Kf5 Qxd6
46. e5 Qg6+ 47. Kf4 Qf7+ 48. Kg5 Qg6+ 1/2-1/2

[Event "II Torneo Iberoamericano MoreliaLinares"]
[Site "Morelia"]
[Date "2008.02.18"]
[Round "4"]
[White "Granda Zuniga, Julio.E"]
[Black "Guillen Ramirez, José"]
[Result "1-0"]
[WhiteElo "2588"]
[BlackElo "2232"]
[PlyCount "65"]
[EventDate "2008.02.19"]
[EventType "tourn"]
[EventRounds "5"]
[EventCountry "MEX"]
[Source "–ù""]
[SourceDate "134159.04.23"]

1. d4 d5 2. c4 e6 3. Nc3 c6 4. e3 Nf6 5. Nf3 Nbd7 6. Qc2 Bd6 7. Bd3 O-O 8. O-O
dxc4 9. Bxc4 e5 10. h3 Qc7 11. a4 a5 12. b3 exd4 13. Nxd4 Ne5 14. Be2 Re8 15.
Bb2 Ng6 16. Rfd1 Nh4 17. Bf1 Re5 18. Ncb5 cxb5 19. Qxc7 Bxc7 20. Nxb5 Rxb5 21.
axb5 Be6 22. Bc4 Ne8 23. Bxe6 fxe6 24. Rd7 Ng6 25. Rc1 Be5 26. Bxe5 Nxe5 27.
Rxb7 Nd6 28. Rb6 Nef7 29. Rd1 Ne4 30. Rxe6 Nc3 31. Ra1 Nd8 32. Ra6 Rb8 33.
R1xa5 1-0

[Event "II Torneo Iberoamericano MoreliaLinares"]
[Site "Morelia"]
[Date "2008.02.19"]
[Round "5"]
[White "Guillen Ramirez, Jose"]
[Black "Matamoros Franco, Carlos.S"]
[Result "1/2-1/2"]
[WhiteElo "2232"]
[BlackElo "2529"]
[PlyCount "44"]
[EventDate "2008.02.19"]
[EventType "tourn"]
[EventRounds "5"]
[EventCountry "MEX"]
[Source "–ù""]
[SourceDate "134159.04.23"]

1. e4 d6 2. d4 Nf6 3. Nc3 Nbd7 4. f4 e5 5. Nf3 exd4 6. Qxd4 c6 7. Be3 d5 8. e5
Ng4 9. Bg1 Nh6 10. O-O-O Nf5 11. Qd3 Nc5 12. Qd2 h5 13. Kb1 Be7 14. Bf2 Be6 15.
g3 Qc7 16. Bg2 b5 17. Ng5 Bxg5 18. Bxc5 Be7 19. Bxe7 Kxe7 20. Ne2 Qb6 21. h3
Ne3 22. Nd4 Nc4 1/2-1/2

[Event "II Torneo Iberoamericano MoreliaLinares"]
[Site "Morelia"]
[Date "2008.02.19"]
[Round "5"]
[White "Ibarra Chami, Luis.F"]
[Black "Granda Zuniga, Julio.E"]
[Result "1/2-1/2"]
[WhiteElo "2364"]
[BlackElo "2588"]
[PlyCount "203"]
[EventDate "2008.02.19"]
[EventType "tourn"]
[EventRounds "5"]
[EventCountry "MEX"]
[Source "–ù""]
[SourceDate "134159.04.23"]

1. e4 e5 2. Nf3 Nc6 3. Bc4 Bc5 4. d3 d6 5. Nc3 a6 6. Bg5 Nge7 7. Be3 O-O 8. h3
Bxe3 9. fxe3 Na5 10. Bb3 Nxb3 11. axb3 f5 12. O-O Qe8 13. exf5 Bxf5 14. Nh4 Bd7
15. Rxf8+ Qxf8 16. Qh5 Qf7 17. Qxf7+ Kxf7 18. b4 Rc8 19. Nf3 h6 20. Kf2 Ke6 21.
e4 Rf8 22. Ke3 g5 23. d4 Ng6 24. dxe5 dxe5 25. g3 Ke7 26. Rh1 c6 27. h4 gxh4
28. Nxh4 Nxh4 29. Rxh4 Rf6 30. Na4 Rg6 31. Kf2 Bg4 32. Nc5 h5 33. Nxb7 Rf6+ 34.
Kg2 Rf3 35. Na5 Re3 36. Rh2 Rxe4 37. Kf1 Ke6 38. Rd2 Rxb4 39. c3 Rb8 40. Nxc6
Rf8+ 41. Rf2 Bf3 42. Ke1 Kd5 43. Ne7+ Ke4 44. Ng6 Rd8 45. Rd2 Rb8 46. c4 Bg4
47. Rd5 Rxb2 48. Nxe5 Be6 49. Ra5 Rg2 50. Nc6 Bxc4 51. Rxh5 Rxg3 52. Re5+ Kd3
53. Ra5 Re3+ 54. Kf2 Re6 55. Nb4+ Kc3 56. Nxa6 Bxa6 57. Rd5 Bd3 58. Rd7 Kd2 59.
Rf7 Re1 60. Rf3 Rb1 61. Kg3 Be4 62. Ra3 Rf1 63. Kg4 Bd3 64. Kg5 Ke3 65. Ra4
Rf5+ 66. Kg4 Rf6 67. Ra5 Be4 68. Ra3+ Kd4 69. Ra5 Bd5 70. Kg5 Rf8 71. Kg4 Ke5
72. Kg3 Rf3+ 73. Kg4 Rf2 74. Ra3 Rf8 75. Rg3 Be4 76. Kg5 Rf7 77. Kg4 Rf1 78.
Kg5 Re1 79. Kg4 Ra1 80. Kg5 Ra8 81. Kg4 Bf5+ 82. Kg5 Rf8 83. Re3+ Be4 84. Rg3
Bf3 85. Kh4 Rf7 86. Rg5+ Ke4 87. Rg3 Rf4+ 88. Kg5 Rf5+ 89. Kg6 Bh5+ 90. Kg7 Kf4
91. Rc3 Bg4 92. Rc1 Ra5 93. Rc7 Kg5 94. Kf7 Re5 95. Re7 Bh5+ 96. Kf8 Rf5+ 97.
Kg7 Bg6 98. Rd7 Ra5 99. Rc7 Ra1 100. Rb7 Rh1 101. Re7 Bf5 102. Rf7 1/2-1/2